Welcome to WEB OPAC of MRSPTU Central Library

Manufacturing technology -vol-1( foundry,forming and welding) (Record no. 5521)

MARC details
000 -LEADER
fixed length control field 00458nam a2200169Ia 4500
008 - FIXED-LENGTH DATA ELEMENTS--GENERAL INFORMATION
fixed length control field 230711s9999||||xx |||||||||||||| ||und||
020 ## - INTERNATIONAL STANDARD BOOK NUMBER
International Standard Book Number 978-0-07-008798-9
041 ## - LANGUAGE CODE
Language code of text/sound track or separate title ENG
082 ## - DEWEY DECIMAL CLASSIFICATION NUMBER
Classification number 671
Item number RA-M
100 ## - MAIN ENTRY--PERSONAL NAME
Personal name Rao,P.N
245 #0 - TITLE STATEMENT
Title Manufacturing technology -vol-1( foundry,forming and welding)
250 ## - EDITION STATEMENT
Edition statement 3rd Ed.
260 ## - PUBLICATION, DISTRIBUTION, ETC.
Date of publication, distribution, etc. 2012
Place of publication, distribution, etc. New Delhi
Name of publisher, distributor, etc. Tata McGraw Hill Education Limited
300 ## - PHYSICAL DESCRIPTION
Extent 502
650 ## - SUBJECT ADDED ENTRY--TOPICAL TERM
Topical term or geographic name entry element Mechanical Engineering
942 ## - ADDED ENTRY ELEMENTS (KOHA)
Koha item type Book
Holdings
Withdrawn status Lost status Damaged status Not for loan Collection Home library Current library Date acquired Total checkouts Full call number Barcode Date last seen Price effective from Koha item type Date last checked out Date due
          MRSPTU Central Library MRSPTU Central Library     671 RA-M 22990 08/17/2023 08/17/2023 Book    
          MRSPTU Central Library MRSPTU Central Library     670 RA-M 16307 08/17/2023 08/17/2023 Book    
          MRSPTU Central Library MRSPTU Central Library     670 RA-M 16308 08/17/2023 08/17/2023 Book    
          MRSPTU Central Library MRSPTU Central Library     671 RA-M 22991 08/17/2023 08/17/2023 Book    
          MRSPTU Central Library MRSPTU Central Library     671 RA-M 22992 08/17/2023 08/17/2023 Book    
          MRSPTU Central Library MRSPTU Central Library     671 RA-M 22993 08/17/2023 08/17/2023 Book    
          MRSPTU Central Library MRSPTU Central Library     671 RA-M 22994 08/17/2023 08/17/2023 Book    
          MRSPTU Central Library MRSPTU Central Library     671 RA-M 22995 08/17/2023 08/17/2023 Book    
          MRSPTU Central Library MRSPTU Central Library   2 671 RA-M 22996 02/25/2026 08/17/2023 Book 01/22/2026  
          MRSPTU Central Library MRSPTU Central Library     671 RA-M 22997 08/17/2023 08/17/2023 Book    
          MRSPTU Central Library MRSPTU Central Library     671 RA-M 22998 08/17/2023 08/17/2023 Book    
          MRSPTU Central Library MRSPTU Central Library     671 RA-M 22999 08/17/2023 08/17/2023 Book    
          MRSPTU Central Library MRSPTU Central Library     671 RA-M 23000 08/17/2023 08/17/2023 Book    
          MRSPTU Central Library MRSPTU Central Library   2 671 RA-M 23001 02/16/2026 08/17/2023 Book 01/22/2026  
          MRSPTU Central Library MRSPTU Central Library     671 RA-M 23002 08/17/2023 08/17/2023 Book    
          MRSPTU Central Library MRSPTU Central Library     671 RA-M 23003 08/17/2023 08/17/2023 Book    
          MRSPTU Central Library MRSPTU Central Library     671 RA-M 23004 08/17/2023 08/17/2023 Book    
          MRSPTU Central Library MRSPTU Central Library     671 RA-M 23005 08/17/2023 08/17/2023 Book    
          MRSPTU Central Library MRSPTU Central Library     671 RA-M 23006 08/17/2023 08/17/2023 Book    
          MRSPTU Central Library MRSPTU Central Library   1 671 RA-M 23007 08/30/2023 08/17/2023 Book 08/30/2023 09/13/2023
          MRSPTU Central Library MRSPTU Central Library     671 RA-M 23008 08/17/2023 08/17/2023 Book    
          MRSPTU Central Library MRSPTU Central Library     671 RA-M 23009 08/17/2023 08/17/2023 Book    

Website Designed and Developed by MRSPTU Central Library Team

E-mail Id: librarian@mrsptu.ac.in